000 00447nam a2200181Ia 4500
008 090124s9999 xx 000 0 und d
082 _b117150
100 _aगांगल वसंत
245 _a शुभदा
250 _a1
260 _c1977
300 _a146
600 _aगांगल वसंत
630 _a शुभदा
700 _aगांगल वसंत
730 _a शुभदा
942 _cBOOK
999 _c163236
_d163236